000 00507nam a22001697a 4500
005 20251108171902.0
008 250721s2002 xx 000 0 ara d
082 1 4 _a413.125/قيس
100 1 _aقيسية، محمود أحمد
245 1 0 _aالرياحين في أسماء البنات و البنين /
264 1 _aأبو ظبي :
_bمؤسسة النداء،
_c2002.
300 _a208ص.
650 1 7 _aالأسماء
650 1 7 _aاللغة العربية
942 _2ddc
_cBK
999 _c65177
_d65177